000 00354pab a2200157 454500
008 180718b1985 xxu||||| |||| 00| 0 eng d
100 _aMody, R.J
245 _aAn analysis of money supply in India
260 _c1985
300 _a17-24
362 _aJune
650 _aMoney - India
700 _aB.C. Thaker
773 _aAnvesak
909 _a13706
999 _c13706
_d13706